| 000 | 01203nam a2200337 i 4500 | ||
|---|---|---|---|
| 001 | 45513 | ||
| 003 | ES-MaCES | ||
| 005 | 20150925135507.0 | ||
| 008 | 141125s2014 sp s o000 | spa d | ||
| 017 |
_aM 17453-2014 _bDL |
||
| 020 | _a9788436955835 | ||
| 024 | 7 |
_a030-14-076-6 _2nipo |
|
| 024 | 7 |
_a030-14-077-1 _2nipo |
|
| 040 |
_aES-MaCES _bspa _cES-MaCES |
||
| 245 | 0 | 4 |
_aLas cifras de la educación en España _b: estadísticas e indicadores : edición 2014 |
| 260 |
_a[Madrid] _bSubdirección General de Documentación y Publicaciones, Ministerio de Educación, Cultura y Deporte _c2014 |
||
| 300 |
_aXXIII, 449 p. _bgráf., mapas col. _c30 cm |
||
| 541 | _cGratuito | ||
| 650 | 4 |
_apresupuesto de la educación _927398 |
|
| 650 | 4 |
_agasto público _928076 |
|
| 650 | 4 |
_asistema educativo _927375 |
|
| 650 | 4 |
_adatos estadísticos _930765 |
|
| 650 | 4 |
_aEspaña _926964 |
|
| 650 | 4 |
_a2014 _934918 |
|
| 653 | 1 | 0 | _aEstadísticas económico-sociales |
| 650 | 4 |
_927392 _aformación |
|
| 710 | 1 |
_aEspaña _bMinisterio de Educación, Cultura y Deporte _eed. _93239 |
|
| 787 | 0 |
_tLas cifras de la educación en España 2013 _w(ES-MaCES)24847 |
|
| 902 | _aLIB Libro | ||
| 942 |
_2CES _cBK _h8.2. |
||
| 999 |
_c45513 _d45513 |
||